00294nam a2200109Ia 4500008004100000020001800041082001800059100001900077245005600096260002300152300000900175210430s9999 xx 000 0 und d a81-265-0625-3 a620.5 B7241 N aRichard Booker aNanotechnology the fun and easy waycRichard Booker aIndiabWilayc2006 a361p